MARC

LEADER 00000nam0a2200000 4500
001 56719
005 20231031053715.0
035 |a (RuTPU)RU\TPU\book\59574 
090 |a 56719 
100 |a 20031008d1980 k y0rusy50 ca 
101 1 |a rus 
102 |a RU 
105 |a a z 001zy 
200 1 |a Прикладной нестандартный анализ  |e пер. с англ.  |f М. Девис 
210 |a Москва  |c Мир  |d 1980 
215 |a 236 с.  |c ил. 
300 |a Доп. тит. лист 
320 |a Библиогр.: с. 223-224. 
320 |a Предметно-именной указатель: с. 228-234. 
610 1 |a математика 
610 1 |a математический анализ 
610 1 |a действительные числа 
610 1 |a топологические пространства 
610 1 |a метрические пространства 
610 1 |a линейные пространства 
610 1 |a гильбертовы пространства 
675 |a 517  |v 3 
675 |a 510.6  |v 3 
700 1 |a Девис  |b М.  |g Мартин 
801 1 |a RU  |b 63413507  |c 20031008  |g PSBO 
801 2 |a RU  |b 63413507  |c 20031013  |g PSBO 
942 |c BK